书目信息 |
| 题名: |
量子力学
|
|
| 作者: | 曾谨言 编著 | |
| 分册: | 下册 | |
| 出版信息: | 北京 科学出版社 1981.7 |
|
| 页数: | 297-671页 | |
| 开本: | 20cm | |
| 丛书名: | ||
| 单 册: | ||
| 中图分类: | O413.1 | |
| 科图分类: | ||
| 主题词: | 量子力学 | |
| 电子资源: | ||
| ISBN: | ||
| 000 | 00519nam0 2200193 45 | |
| 001 | 0312221749 | |
| 005 | 20060728080818.60 | |
| 010 | @b精装@dCNY2.80 | |
| 091 | @a13031.1587 | |
| 100 | @a20031222d1981 km y0chiy0120 ea | |
| 101 | @achi | |
| 200 | 1 | @a量子力学@ALiang Zi Li Xue@h下册@f曾谨言编著@FCeng Jin Yan Bian Zhu |
| 210 | @a北京@c科学出版社@d1981.7 | |
| 215 | @a297-671页@d20cm | |
| 606 | 0 | @a量子力学 |
| 690 | @aO413.1@v3 | |
| 701 | 0 | @a曾谨言@4编著 |
| 801 | @aCN@bTSTCL@c20060728 | |
| 905 | @dO413.1@e1:2@f1@b54583 | |
| 量子力学.下册/曾谨言编著.-北京:科学出版社,1981.7 |
| 297-671页;20cm |
| ISBN (精装):CNY2.80 |
| ● |
| 相关链接 |
|
|
|
|
正题名:量子力学
索取号:O413.1/1:2
 
预约/预借
| 序号 | 登录号 | 条形码 | 馆藏地/架位号 | 状态 | 备注 |
| 1 | 0054583 | 001977935 | 密集书库/ [索取号:O413.1/1:2] | 在馆 | |
| 2 | 0433882 | 204338822 | 密集书库/ [索取号:O413.1/1:2] | 在馆 | |
| 3 | 0433883 | 204338831 | 密集书库/ [索取号:O413.1/1:2] | 在馆 |